000 00325nam a2200157Ia 4500
100 _aShort/Kenneth L
650 _aVHDL
942 _cBK
366 _f25
245 _aVHDL for engineers
260 _bPearson Education
_c2009
082 _a621.392
_bSHO
300 _a685
546 _aENGLISH
_cPAMPHALETS
999 _c26801
_d26801